000 00530nam a22001817a 4500
005 20170503153311.0
010 _aENG-118032
020 _a9788180642333
_c250.00
035 _aEN-101564
037 _bDBAD/PUC
082 _a230.61
100 _aSaha,Tripti
245 _aConcept of nationalism in the ramayana and mahabharata /
_cby Saha Tripti
260 _aKolkata
_bSri Kamal Mitra
_c2016
270 _a37A, Collage Street,Kolkata-700073
300 _a239p
_c22cm.[Hb]
942 _2ddc
_cEN
_h230.61
_mSAH
999 _c139471
_d139471